[Event "Lasker Mem Open"]
[Site "Barlinek POL"]
[Date "2002.07.20"]
[Round "2"]
[White "Schmidt,Wl"]
[Black "Voitsekhovsky,S"]
[Result "0-1"]
[WhiteElo "2446"]
[BlackElo "2511"]

1.d4 Nf6 2.c4 g6 3.Nc3 Bg7 4.e4 O-O 5.Nf3 d6 6.Be2 e5 7.O-O Nc6 8.d5 Ne7
9.Bg5 Nd7 10.Nd2 f5 11.f3 f4 12.Bh4 Bf6 13.Bf2 g5 14.b4 Ng6 15.c5 Be7 16.cxd6 Bxd6
17.Qb3 Nf6 18.Nb5 g4 19.fxg4 Nxg4 20.Bxg4 Bxg4 21.Nf3 Kh8 22.Rac1 Rg8 23.Kh1 a6
24.Nxd6 cxd6 25.Rc2 Rg7 26.Rfc1 Qe7 27.Bb6 Rag8 28.Rc7 Qf6 29.Bf2 Nf8 30.Nh4 Ng6
31.Nf3 Nf8 32.Nh4 Bd7 33.Qc3 Rg4 34.Qe1 Qg5 35.Nf3 Qg6 36.g3 Qh5 37.gxf4 Qh3  0-1

[Event "Macedonian Open"]
[Site "Struga MKD"]
[Date "2002.07.21"]
[Round "2"]
[White "Ivanov,Iv"]
[Black "Simov,S"]
[Result "1/2-1/2"]
[WhiteElo "2093"]
[BlackElo "2209"]

1.Nf3 Nf6 2.c4 g6 3.Nc3 Bg7 4.e4 d6 5.d4 O-O 6.Be2 e5 7.O-O Nc6 8.d5 Ne7
9.b4 Ne8 10.c5 h6 11.Nd2 f5 12.f3 f4 13.Nc4 g5 14.Ba3 Ng6 15.b5 b6 16.cxd6 cxd6
17.Bb4 Rf7 18.a4 Bf8 19.a5 Rb8 20.axb6 axb6 21.Na4 Rfb7 22.Naxb6 Rxb6 23.Ba5 Nf6
24.Nxb6 Rxb6 25.Qe1 Nd7 26.Qf2 Nc5 27.Ra3 Bb7 28.Rb1 Be7 29.Qe1 Nf8 30.Bxb6 Qxb6
31.Qa5 Bd8 32.Qxb6 Bxb6 33.Kf1 Kf7 34.Ke1 Nfd7 35.Kd2 Ke7 36.Bd1 Nf6  1/2-1/2

[Event "Open"]
[Site "Bergen NOR"]
[Date "2002.07.22"]
[Round "3"]
[White "Christenson,F"]
[Black "Hersvik,D"]
[Result "1-0"]
[WhiteElo "2225"]
[BlackElo "2285"]

1.d4 Nf6 2.Nf3 g6 3.c4 Bg7 4.Nc3 O-O 5.e4 d6 6.Be2 e5 7.O-O Nc6 8.d5 Ne7
9.b4 Nh5 10.Re1 f5 11.Bf1 a5 12.bxa5 Rxa5 13.a4 b6 14.Nd2 Nf6 15.Ba3 Ra8
16.Bb4 h5 17.Nb5 fxe4 18.Nxe4 Nxe4 19.Rxe4 Nf5 20.a5 bxa5 21.Bxa5 Rxa5 22.Rxa5 c6
23.Ra8 cxb5 24.cxb5 Nd4 25.Qc1 Qd7 26.Re1 Bb7 27.Rxf8+ Bxf8 28.b6 Bxd5 29.Bc4 Qe6
30.b7 Nc6 31.Bxd5 Qxd5 32.Qxc6 Qxc6 33.b8=Q Kf7 34.Qb3+ Kf6 35.Qe3 Qc5 36.Qe4 Qc8
37.f4 exf4 38.Qxf4+ Kg7 39.Rf1 Qe8 40.Qf6+ Kg8 41.Kh1 Bg7 42.Qxd6 Kh7 43.Qd5 Qe2
44.Qf3 Qe5 45.h3 Qd4 46.Rd1 Qe5 47.Qf2 Qe4 48.Re1 Qd5 49.Qe3 Qc6 50.Qe4 Qc3
51.Rd1 Qg3 52.Rd5 Kh6 53.Rc5 Bf6 54.Rc6 Be5 55.Kg1 Bb8 56.Re6 Qg5 57.Kh1 Ba7
58.Qe1 Bd4 59.Qe4 Bf2 60.Rc6 Bb6 61.h4  1-0

[Event "KB Czech Open"]
[Site "Pardubice CZE"]
[Date "2002.07.22"]
[Round "4"]
[White "Golod,V"]
[Black "Pinter,E"]
[Result "1-0"]
[WhiteElo "2538"]
[BlackElo "2357"]

1.Nf3 Nf6 2.c4 g6 3.Nc3 Bg7 4.e4 d6 5.d4 O-O 6.Be2 e5 7.O-O Nc6 8.d5 Ne7
9.b4 Nh5 10.Re1 h6 11.Nd2 Nf4 12.Bf1 f5 13.a4 g5 14.a5 g4 15.c5 h5 16.Nc4 Rf6
17.g3 Nh3+ 18.Bxh3 gxh3 19.Bg5 Rg6 20.Qxh5 Bf6 21.Bxf6 Rxf6 22.f4 exf4 23.e5 dxe5
24.Nxe5 Nxd5 25.Rad1 Be6 26.Nxd5 Bxd5 27.gxf4  1-0

[Event "Mercosur Cup"]
[Site "Vicente Lopez ARG"]
[Date "2002.07.22"]
[Round "5"]
[White "Scarella,E"]
[Black "Granara Barreto,S"]
[Result "1/2-1/2"]
[WhiteElo "2358"]
[BlackElo "2261"]

1.Nf3 Nf6 2.c4 g6 3.Nc3 Bg7 4.e4 d6 5.d4 O-O 6.Be2 e5 7.O-O Nc6 8.Be3 Bg4
9.d5 Ne7 10.c5 Ne8 11.Qb3 Bxf3 12.Bxf3 b6 13.cxd6 cxd6 14.a4 f5 15.a5 bxa5
16.Qa3 fxe4 17.Nxe4 Nf5 18.Bg5 Qb6 19.Qxa5 Qxa5 20.Rxa5 Rf7 21.Bd2 Rb7 22.Bc3 Nd4
23.Bd1 Rd8 24.Re1 Nf6 25.Nxf6+ Bxf6 26.Ba4 Rf8 27.Bc6 Nxc6 28.dxc6 Rc7 29.Ra6 Rfc8
30.f4 Rxc6 31.Rxa7 Bd8 32.Rb7 Bb6+ 33.Kf1 Rf8 34.g3 g5 35.Re4 h6 36.Ke2 gxf4
37.gxf4 Rxf4 38.Rxf4 exf4 39.Kf3 Be3 40.Ke4 Bc1 41.h3  1/2-1/2

[Event "TCh-POL Jun"]
[Site "Laczna POL"]
[Date "2002.07.23"]
[Round "11"]
[White "Kadziolka,B"]
[Black "Worek,J"]
[Result "0-1"]
[WhiteElo "2290"]
[BlackElo "2251"]

1.d4 Nf6 2.c4 g6 3.Nc3 Bg7 4.e4 d6 5.Nf3 O-O 6.Be2 e5 7.O-O Nc6 8.d5 Ne7
9.Ne1 Ne8 10.Be3 f5 11.f3 f4 12.Bf2 g5 13.g4 fxg3 14.hxg3 h5 15.Qd2 Ng6 16.Ng2 Bh6
17.Be3 Rf7 18.Rac1 Rg7 19.c5 Nf4 20.cxd6 cxd6 21.Rfd1 h4 22.g4 Bd7 23.Bb5 Rf7
24.Bxd7 Qxd7 25.Nxf4 gxf4 26.Bf2 Nf6 27.Kh2 Bg5 28.Rg1 Nh7 29.Qe2 Bd8 30.Nb5 a6
31.Na3 Ng5 32.Rc2 Rc8 33.Rgc1 Rxc2 34.Rxc2 Rg7 35.Nc4 h3 36.Nb6 Bxb6 37.Bxb6 Qb5
38.Rc8+ Kf7 39.Qxb5 Nxf3+ 40.Kxh3 axb5 41.Rc7+ Kf6 42.Rxg7 Kxg7 43.Bd8 Kg6
44.Be7 Ng5+ 45.Kg2 Nxe4 46.Kf3 Ng5+ 47.Kf2 Ne4+ 48.Kf3 Nd2+ 49.Ke2 Nc4 50.b3 Ne3
51.Bxd6 Nxg4  0-1

[Event "Capital of Siberia Open"]
[Site "Novosibirsk RUS"]
[Date "2002.07.23"]
[Round "5"]
[White "Sevostianov,V"]
[Black "Bibko,I"]
[Result "1/2-1/2"]
[WhiteElo "2349"]
[BlackElo "2336"]

1.d4 Nf6 2.Nf3 g6 3.c4 Bg7 4.Nc3 O-O 5.e4 d6 6.Be2 e5 7.O-O Nc6 8.d5 Ne7
9.b4 Nd7 10.Ba3 f5 11.Ng5 Nf6 12.c5 fxe4 13.b5 Nf5 14.Ncxe4 Nxe4 15.Nxe4 dxc5
16.Bxc5 Nd6 17.Bxd6 cxd6 18.Qa4 Bf5 19.Bf3 Bxe4 20.Bxe4 Qb6 21.Rac1 Rac8
22.Rc4 Bh6 23.Bf3 Kg7 24.Rxc8 Rxc8 25.Qg4 Rf8 26.a4 Rf4 27.Qd7+ Rf7 28.Qe8 Bg5
29.Qe6 Qd8 30.Re1 Rf6 31.Qh3 Rf4 32.Bd1 Qb6 33.Rf1 Qc7 34.g3 Rf7 35.Qg4 Bh6
36.h4 Qd7 37.Qe4 Qf5 38.Qc4 Qd7  1/2-1/2

[Event "KB Czech Open"]
[Site "Pardubice CZE"]
[Date "2002.07.23"]
[Round "5"]
[White "Schlosser,P"]
[Black "Stryjecki,M"]
[Result "1/2-1/2"]
[WhiteElo "2534"]
[BlackElo "2424"]

1.d4 d6 2.Nf3 g6 3.c4 Bg7 4.Nc3 Nf6 5.e4 O-O 6.Be2 e5 7.O-O Nc6 8.d5 Ne7
9.b4 a5 10.Ba3 axb4 11.Bxb4 b6 12.a4 Ne8 13.Nb5 Bg4 14.Nd2 Bxe2 15.Qxe2 c6
16.dxc6 Nxc6 17.Bc3 Nc7 18.Nf3 Ne6 19.Rfd1 Qe7 20.Rxd6 Ncd4 21.Qd1 Rfc8 22.Rxb6 Rxc4
23.Bxd4 exd4 24.a5 Qc5 25.Nd6  1/2-1/2

[Event "24th Politiken Cup"]
[Site "Copenhagen DEN"]
[Date "2002.07.24"]
[Round "9"]
[White "Adamski,J"]
[Black "Lilja,R"]
[Result "1/2-1/2"]
[WhiteElo "2304"]
[BlackElo "2123"]

1.Nf3 Nf6 2.c4 g6 3.Nc3 Bg7 4.e4 d6 5.d4 O-O 6.Be2 e5 7.O-O Nc6 8.Be3 Ng4
9.Bg5 f6 10.Bc1 Kh8 11.h3 exd4 12.Nxd4 Nxd4 13.Qxd4 f5 14.Qd2 Ne5 15.exf5 Bxf5
16.b3 Qh4 17.Bb2 Bxh3 18.f4 Bg4 19.Qe1 Qxe1 20.Rfxe1 Bxe2 21.fxe5 Bg4 22.Na4 dxe5
23.Bxe5 Rae8 24.Bxg7+ Kxg7 25.Nc5 b6 26.Na6 c5 27.Nc7 Rxe1+ 28.Rxe1 Rf7 29.Nd5 Bd7
30.a4 Bc6 31.Re6 Bxd5 32.cxd5 Rd7 33.a5 bxa5 34.Ra6 Rxd5 35.Rxa7+ Kh6 36.Rxa5 Rf5
37.Ra4 Rf6 38.Rc4 Rb6 39.Rxc5 Rxb3 40.Kh2 Ra3 41.Rb5 Ra7 42.g4 Kg7 43.Kg3 Re7
44.g5 h6 45.gxh6+ Kxh6 46.Rb3 Re5 47.Ra3 Rg5+ 48.Kh3 Kh5 49.Rb3 Rc5 50.Ra3 Kg5
51.Kg3 Kf5 52.Rf3+ Ke4 53.Ra3 Rd5 54.Kg4 Rd1 55.Rg3 Rd5  1/2-1/2

[Event "KB Czech Open"]
[Site "Pardubice CZE"]
[Date "2002.07.24"]
[Round "6"]
[White "Malykin,V"]
[Black "Inarkiev,E"]
[Result "0-1"]
[WhiteElo "2410"]
[BlackElo "2545"]

1.Nf3 g6 2.c4 Bg7 3.e4 d6 4.d4 Nf6 5.Nc3 O-O 6.Be2 e5 7.O-O Nc6 8.d5 Ne7
9.Nd2 a5 10.a3 Bd7 11.Rb1 a4 12.b4 axb3 13.Rxb3 Bc8 14.a4 Nd7 15.Ra3 c5 16.Nb5 Ra6
17.Bb2 f5 18.Qa1 Bh6 19.Bc3 Rf7 20.Kh1 Nf8 21.Bd3 Bxd2 22.Bxd2 f4 23.Be2 Qd7
24.Bc3 g5 25.Nxd6 Rxd6 26.Bxe5 Rh6 27.Bb2 g4 28.Qc1 Neg6 29.e5 Qf5 30.e6 Re7
31.Ba1 Rh4 32.Qb2 f3 33.Bxf3 Qh5 34.h3 Rxh3+ 35.gxh3 gxf3 36.Kh2 Nxe6 37.Rg1 Ng5
38.Rg3 Bxh3 39.Raxf3 Bg4+ 40.Rh3 Nxf3+  0-1

[Event "Lost Boys Open"]
[Site "Amsterdam NED"]
[Date "2002.07.28"]
[Round "3"]
[White "Wunnink,M"]
[Black "Klinova,M"]
[Result "1/2-1/2"]
[WhiteElo "2255"]
[BlackElo "2407"]

1.d4 d6 2.Nf3 Nf6 3.c4 g6 4.Nc3 Bg7 5.e4 O-O 6.Be2 Nc6 7.O-O e5 8.d5 Ne7
9.Bd2 Nh5 10.Rc1 f5 11.exf5 Nxf5 12.Ng5 Nf4 13.Bxf4 exf4 14.Ne6 Bxe6 15.dxe6 c6
16.Bg4 Qe7 17.Re1 Rad8 18.b4 h5 19.Bh3 Be5 20.b5 Nd4 21.bxc6 bxc6 22.c5 f3
23.g3 dxc5 24.Rxe5 Ne2+ 25.Nxe2 Rxd1+ 26.Rxd1 fxe2 27.Rxe2 Qf6 28.Bg2 Rc8
29.h4 c4 30.Bxc6 Rxc6 31.e7 Rc8 32.e8=Q+ Rxe8 33.Rxe8+ Kg7 34.Rc8 Qa6 35.Rc7+ Kf6
36.Rc1 Qxa2 37.R1xc4 a5 38.R7c6+ Kg7 39.Rc7+ Kf6 40.Rf4+ Ke5 41.Re7+ Kd5
42.Ra7 Kc5 43.Rf8 Kb6 44.Rfa8 Qb1+ 45.Kg2 Qe4+ 46.Kg1  1/2-1/2

[Event "2nd Summer Open"]
[Site "Savaria HUN"]
[Date "2002.07.28"]
[Round "4"]
[White "Galyas,M"]
[Black "Konnyu,J"]
[Result "1-0"]
[WhiteElo "2407"]
[BlackElo "2224"]

1.d4 Nf6 2.c4 g6 3.Nc3 Bg7 4.e4 d6 5.Nf3 O-O 6.Be2 e5 7.O-O Nc6 8.d5 Ne7
9.Bg5 h6 10.Bxf6 Bxf6 11.b4 g5 12.Nd2 a5 13.a3 axb4 14.axb4 Rxa1 15.Qxa1 Ng6
16.Qd1 c6 17.dxc6 bxc6 18.b5 Qa5 19.Qa1 Qb6 20.g3 Bg7 21.Qa3 cxb5 22.cxb5 Bb7
23.Nc4 Qc5 24.Qxc5 dxc5 25.Nd6 Rb8 26.Bc4 Nh8 27.Rd1 Bc8 28.Nxc8 Rxc8 29.Rd7 Rb8
30.Nd5 Bf8 31.b6 Kg7 32.b7 Kg6 33.Ne3  1-0

[Event "Lost Boys Open"]
[Site "Amsterdam NED"]
[Date "2002.07.31"]
[Round "6"]
[White "Witt,R"]
[Black "Salakhutdinov,I"]
[Result "1/2-1/2"]
[WhiteElo "2308"]
[BlackElo "2238"]

1.Nf3 Nf6 2.c4 g6 3.Nc3 Bg7 4.e4 d6 5.d4 O-O 6.Be2 e5 7.O-O Nc6 8.d5 Ne7
9.Ne1 c5 10.Rb1 Ne8 11.Nd3 f5 12.b4 b6 13.f3 f4 14.g4 h5 15.Kh1 hxg4 16.fxg4 g5
17.bxc5 bxc5 18.Ne1 Ng6 19.h3 Nh4 20.Nf3 Nxf3 21.Bxf3 Rf7 22.Bd2 Bf8 23.Kg2 Nf6
24.Qe2 Qd7 25.Rb3 Be7 26.Rfb1 Bd8 27.Nd1 Nh7 28.Nf2 Nf8 29.Qd3 Ng6 30.Kf1 Bc7
31.Qc3  1/2-1/2

[Event "Lost Boys Open"]
[Site "Amsterdam NED"]
[Date "2002.07.31"]
[Round "6"]
[White "Giddins,S"]
[Black "Spaan,M"]
[Result "0-1"]
[WhiteElo "2249"]
[BlackElo "2311"]

1.Nf3 Nf6 2.c4 g6 3.Nc3 Bg7 4.e4 O-O 5.d4 d6 6.Be2 e5 7.O-O Nc6 8.d5 Ne7
9.Ne1 Nd7 10.Nd3 f5 11.Bd2 Nf6 12.f3 Kh8 13.b4 Neg8 14.c5 Bh6 15.a4 Bxd2
16.Qxd2 f4 17.a5 a6 18.cxd6 cxd6 19.Na4 Bd7 20.Nb6 Rb8 21.Nxd7 Qxd7 22.Rfc1 g5
23.Ra3 g4 24.Rac3 Qg7 25.Rc7 Qg6 26.Nf2 g3 27.Nh3 Nh6 28.hxg3 Rg8 29.g4 Nf7
30.Qe1 Ne8 31.Rc8 Rxc8 32.Rxc8 Qf6 33.b5 h5 34.gxh5 Qe7 35.bxa6 bxa6 36.Rc6 Rg3
37.Bxa6 Qh4 38.Qe2 Qxh3 39.Rc8 Ng5 40.Rxe8+ Kg7 41.Qf2 Qd7 42.Bb5 Qc7 43.Kh2 Qf7
44.h6+ Kh7 45.Qb6 Nxf3+  0-1

[Event "Inline Czechia Cup"]
[Site "Olomouc CZE"]
[Date "2002.07.31"]
[Round "1"]
[White "Wiley,To"]
[Black "Llaneza Vega,P"]
[Result "0-1"]
[WhiteElo "2248"]
[BlackElo "2302"]

1.d4 Nf6 2.c4 g6 3.Nc3 Bg7 4.e4 d6 5.Nf3 O-O 6.Be2 e5 7.O-O Nc6 8.d5 Ne7
9.b4 Nh5 10.c5 f5 11.Re1 Nf4 12.Bc4 fxe4 13.Ng5 h6 14.Ngxe4 Nf5 15.Be3 Nh4
16.Bf1 Nfxg2 17.Bxg2 Nxg2 18.Kxg2 Qh4 19.f3 Qh3+ 20.Kh1 Rxf3 21.Qe2 Rf7 22.Rg1 Bf5
23.cxd6 cxd6 24.Nxd6 Bd3 25.Qg4 Qxe3 26.Nxf7 Bf5 27.Qg3 Qxg3 28.Nxh6+ Bxh6
29.hxg3 Bd2 30.Ne2 Bg4 31.Kh2 Kg7 32.Rg2 Be3  0-1

[Event "Valoz Cup"]
[Site "Olomouc CZE"]
[Date "2002.07.31"]
[Round "10"]
[White "Estremera Panos,S"]
[Black "Reutsky,S"]
[Result "1-0"]
[WhiteElo "2368"]
[BlackElo "2220"]

1.d4 Nf6 2.c4 g6 3.Nc3 Bg7 4.e4 O-O 5.Nf3 d6 6.Be2 e5 7.O-O Nc6 8.d5 Ne7
9.b4 Nd7 10.Nd2 f5 11.a4 Nf6 12.c5 fxe4 13.Ndxe4 dxc5 14.Bc4 Kh8 15.bxc5 b6
16.Nxf6 Rxf6 17.Ne4 Rf8 18.d6 Nc6 19.Qd5 Bb7 20.Ng5 Qd7 21.Nf7+ Rxf7 22.Qxf7 Qxf7
23.Bxf7 cxd6 24.cxd6 Rd8 25.Ba3 Nd4 26.Ra2 Bf8 27.f4 e4 28.Rd1 Bg7 29.Rad2 Nb3  1-0

[Event "8th Open"]
[Site "Chambery FRA"]
[Date "2002.08.02"]
[Round "1"]
[White "Berring,A"]
[Black "Sofronie,I"]
[Result "0-1"]
[WhiteElo "2030"]
[BlackElo "2457"]

1.d4 Nf6 2.c4 g6 3.Nc3 Bg7 4.e4 O-O 5.Nf3 d6 6.Be2 e5 7.O-O Nc6 8.d5 Ne7
9.Ne1 Nd7 10.Be3 f5 11.f3 f4 12.Bf2 g5 13.a4 Ng6 14.a5 Nf6 15.c5 h5 16.a6 b6
17.cxd6 cxd6 18.Nd3 g4 19.Ra3 g3 20.hxg3 fxg3 21.Bxg3 h4 22.Bh2 Nh5 23.f4 Ng3
24.f5 Nxf1 25.Bxf1 Nh8 26.Nb5 Bd7 27.Nb4 Bxb5 28.Bxb5 Nf7 29.Bc6 Rc8 30.Kh1 Qg5
31.Bg1 Qf4 32.Qe2 Bf6 33.Nd3 Qh6 34.Nf2 Qg7 35.Nd1 Bg5 36.Ne3 Nd8 37.Rc3 Rc7
38.Nc2 Bf4 39.Na3 Qh6 40.Nb5 Rg7 41.Bxb6 axb6 42.a7 Nxc6 43.dxc6 Bg3 44.c7 h3
45.Kg1 hxg2 46.Qxg2 Bf2+ 47.Kf1 Rxg2 48.Kxg2 Qd2  0-1

[Event "6th Open"]
[Site "Genova ITA"]
[Date "2002.08.03"]
[Round "1"]
[White "Lettich,S"]
[Black "Di Paolo,R"]
[Result "0-1"]
[WhiteElo "2068"]
[BlackElo "2319"]

1.d4 Nf6 2.c4 g6 3.Nc3 Bg7 4.e4 d6 5.Nf3 O-O 6.Be2 e5 7.O-O Nc6 8.d5 Ne7
9.Ne1 Nd7 10.Be3 f5 11.f3 f4 12.Bf2 g5 13.b4 Nf6 14.c5 Ng6 15.Rc1 Rf7 16.cxd6 cxd6
17.Nd3 h5 18.g3 g4 19.b5 Bh6 20.Rc2 Rg7 21.Kh1 fxg3 22.hxg3 Nf4 23.Nxf4 exf4
24.Rg1 h4 25.gxf4 g3 26.Be3 Nh5 27.Qc1 h3 28.Bf1 Qh4  0-1

[Event "Inline Czechia Cup"]
[Site "Olomouc CZE"]
[Date "2002.08.03"]
[Round "4"]
[White "Florea,D"]
[Black "Maslak,A"]
[Result "1/2-1/2"]
[WhiteElo "2303"]
[BlackElo "2305"]

1.d4 Nf6 2.c4 g6 3.Nc3 Bg7 4.e4 d6 5.Nf3 O-O 6.Be2 e5 7.O-O Nc6 8.d5 Ne7
9.Ne1 Nd7 10.Nd3 f5 11.Bd2 Nf6 12.f3 Kh8 13.Rc1 Neg8 14.exf5 gxf5 15.f4 e4
16.Nf2 Qe7 17.Be3 c5 18.dxc6 bxc6  1/2-1/2

[Event "ch-IRI"]
[Site "Tehran IRI"]
[Date "2002.08.03"]
[Round "9"]
[White "Ghane,S"]
[Black "Darban,M"]
[Result "0-1"]
[WhiteElo "2423"]
[BlackElo "2263"]

1.d4 Nf6 2.c4 g6 3.Nc3 Bg7 4.e4 d6 5.Be2 O-O 6.Nf3 e5 7.O-O Nc6 8.d5 Ne7
9.Ne1 Nd7 10.Be3 f5 11.f3 f4 12.Bf2 g5 13.a4 Ng6 14.a5 Rf7 15.c5 Nxc5 16.Bxc5 dxc5
17.Bc4 Kh8 18.a6 Bf8 19.d6 Rg7 20.axb7 Bxb7 21.Rf2 Bxd6 22.Rd2 Ne7 23.Nb5 Rg6
24.Ra3 Nc6 25.Bd5 c4 26.Kh1 Bb4 27.Rc3 Bxc3 28.bxc3 Qe7 29.Qa4 Nd8 30.Nxc7 Rc8
31.Bxb7 Rxc7 32.Bd5 Rb6 33.Rd1 Ne6 34.Bxc4 Rbc6 35.Bd5 Rxc3 36.Qa1 Nd4 37.Nd3 Kg7
38.Qb1 Rc8 39.h3 Qc7 40.Qa1 Nc2 41.Qa6 Ne3 42.Ra1 Qb6 43.Qa4 R8c7 44.Qe8 Nxd5
45.Qxe5+ Qf6 46.exd5 Qxe5 47.Nxe5 Rc1+ 48.Rxc1 Rxc1+ 49.Kh2 Rd1 50.Nc6 Rxd5
51.Nxa7 Rc5 52.h4 h6 53.hxg5 hxg5 54.g3 Kf7 55.gxf4 gxf4 56.Kh3 Ke7 57.Kg4 Kd7
58.Kxf4 Ra5 59.Kg4 Rxa7 60.f4 Ke6  0-1

[Event "FSIMB August"]
[Site "Budapest HUN"]
[Date "2002.08.04"]
[Round "2"]
[White "Ngo,N"]
[Black "Pirisi,G"]
[Result "1-0"]
[WhiteElo "2172"]
[BlackElo "2279"]

1.d4 Nf6 2.c4 g6 3.Nc3 Bg7 4.e4 O-O 5.Nf3 d6 6.Be2 e5 7.O-O Nc6 8.d5 Ne7
9.Ne1 Ne8 10.Be3 f5 11.f3 f4 12.Bf2 g5 13.a4 Kh8 14.c5 Rg8 15.cxd6 cxd6 16.a5 Ng6
17.a6 b6 18.Nd3 Bf8 19.Nb4 g4 20.fxg4 Qg5 21.h3 h5 22.Nc6 Nf6 23.Nd8 Rg7
24.Ne6 Bxe6 25.dxe6 Nh4 26.Bxh4 Qxh4 27.Qe1 Qxe1 28.Rfxe1 hxg4 29.hxg4 Re8
30.Kf2 Nxg4+ 31.Bxg4 Rxg4 32.Rh1+ Kg8 33.Nd5 Rxe6 34.Rac1 Rg7 35.Rc8 Reg6
36.Rh2 Rf7 37.b4 Kg7 38.Rh3 Rg4 39.Rb8 Kg6 40.Rb7 Bg7 41.Rc3 Rf8 42.Rcc7 Bf6
43.Nxf6 Kxf6 44.Rxa7 d5 45.Rc6+ Kg5 46.Rg7+ Kh5 47.Rh7+ Kg5 48.exd5 e4 49.Rg7+ Kf5
50.Rxg4 Kxg4 51.a7 f3 52.gxf3+ Rxf3+ 53.Ke2 Ra3 54.Rc7 Kf4 55.d6 Ra2+ 56.Kd1 e3
57.Rf7+ Ke4 58.d7 e2+ 59.Ke1 Ke3 60.Re7+ Kf3 61.Rxe2 Rxe2+ 62.Kd1 Ra2 63.d8=Q Rxa7
64.Qxb6 Ra1+ 65.Kc2 Ke4 66.Qc6+ Kd4 67.Qd7+ Kc4 68.b5 Kc5 69.Kc3 Kb6 70.Qc6+ Ka7
71.b6+ Ka6 72.Kc4 Ka5 73.Qb5+  1-0

[Event "7th Open"]
[Site "Creon FRA"]
[Date "2002.08.04"]
[Round "9"]
[White "Dumitrache,D"]
[Black "Cornette,M"]
[Result "1/2-1/2"]
[WhiteElo "2504"]
[BlackElo "2355"]

1.d4 Nf6 2.c4 g6 3.Nc3 Bg7 4.e4 d6 5.Be2 O-O 6.Nf3 e5 7.O-O Nc6 8.d5 Ne7
9.b4 Nh5 10.Re1 f5 11.Ng5 Nf6 12.Bf3 c6 13.b5 cxd5 14.cxd5 h6 15.Ne6 Bxe6
16.dxe6 fxe4 17.Nxe4 Nxe4 18.Bxe4 d5 19.Ba3 dxe4 20.Qxd8 Rfxd8 21.Bxe7 Re8
22.Bc5 Rxe6 23.a4 b6 24.Be3 Rd8 25.Kf1 Rd5 26.Rec1 Kf7 27.Rc8 Bf8 28.Rac1 Re7
29.Ke2 Red7 30.R1c7 Be7 31.Rxd7 Rxd7 32.Rc4 Ke6 33.Rc6+ Rd6 34.Rc7 Rd7 35.Rc6+ Rd6
36.Rc7 Rd7 37.Rc6+  1/2-1/2

[Event "ch-SLO"]
[Site "Dobrna SLO"]
[Date "2002.08.07"]
[Round "4"]
[White "Jelen,Ig"]
[Black "Srebrnic,M"]
[Result "1-0"]
[WhiteElo "2365"]
[BlackElo "2179"]

1.d4 Nf6 2.c4 g6 3.Nc3 Bg7 4.e4 d6 5.Nf3 O-O 6.Be2 e5 7.O-O Nc6 8.d5 Ne7
9.b4 c6 10.dxc6 bxc6 11.a4 d5 12.Nd2 Be6 13.Ba3 Re8 14.b5 d4 15.Na2 d3 16.Bf3 Bh6
17.Nb4 Qd4 18.bxc6 Bxd2 19.Qxd2 Nxe4 20.Bxe4 Qxe4 21.Rfe1 Qxc4 22.Rec1 Qf4
23.Qxf4 exf4 24.Nxd3 Rac8 25.c7 Nd5 26.Bd6 g5 27.Rc5 f6 28.Rac1 Nb6 29.a5 Nd7
30.R5c3 Bf5 31.Nb4 Ne5 32.Nd5 Kf7 33.Ba3 Nd3 34.Rd1 Re5 35.Nb4 Nxb4 36.Bxb4 Rb5
37.Rd4 Rb7 38.Rdc4 Be6 39.a6 Rb6 40.Rd4 Rxa6 41.h3 Ra1+ 42.Kh2 a5 43.Ba3 Ra2
44.f3 Re2 45.Rc6 Bf5 46.Rd8 Re8 47.Bb2 Be6 48.Rd3 a4 49.Ba3 Ra8 50.Rcd6 Rac8
51.Rc3 Ra8 52.Rcc6 Rac8 53.Rd4 Ra8 54.Re4 Bf5 55.Rd4 Be6 56.Rdd6 Rac8 57.Kg1 Re7
58.Rb6 Ree8 59.Rb7 Re7 60.Rbb6 Ree8 61.Rdc6 Ra8 62.Kh2 h5 63.Kg1 f5 64.Kf2 Rac8
65.Kg1 Ra8 66.Rc5 Rac8 67.Rbc6 Bd7 68.Rd6 Be6 69.Rcc6 Re7 70.Rb6 Ree8 71.Rdc6 Ra8
72.Rc3 Rac8 73.Kf2 g4 74.hxg4 fxg4 75.fxg4 Bxg4 76.Rb4 Re2+ 77.Kf1 Ra2 78.Rxf4+ Kg7
79.Re4 Ra1+ 80.Kf2 Ra2+ 81.Kg3 Kf7 82.Re7+ Kf6 83.Rc6+ Kf5 84.Rc5+ Kf6 85.Re3 Rg8
86.Kf4 Rf2+ 87.Kg3 Ra2 88.Kf4 Rf2+ 89.Ke4 Re8+ 90.Kd4 Rd2+ 91.Rd3 Rxg2 92.Kc3 Rge2
93.Rd8 Bc8 94.Kb4 h4 95.Rh5 h3 96.Rh8 Rxh8 97.Rxh8 h2 98.Rxc8 h1=Q 99.Rf8+ Kg6
100.c8=Q Qb1+ 101.Ka5 Re5+ 102.Bc5 Qe1+ 103.Kb6 Re6+ 104.Kb7 Qe4+ 105.Ka7 a3
106.Rg8+ Kf5 107.Qd7 Qc6 108.Qh7+ Kf4 109.Qh4+ Kf5  1-0

[Event "Ladies"]
[Site "Stockholm SWE"]
[Date "2002.08.07"]
[Round "5"]
[White "Reizniece,D"]
[Black "Jiretorn,E"]
[Result "1-0"]
[WhiteElo "2306"]
[BlackElo "2116"]

1.d4 Nf6 2.c4 g6 3.Nc3 Bg7 4.e4 d6 5.Be2 O-O 6.Nf3 e5 7.O-O Nc6 8.d5 Ne7
9.Ne1 Ne8 10.Be3 f5 11.f3 f4 12.Bf2 h5 13.c5 g5 14.Rc1 Ng6 15.cxd6 cxd6 16.Nb5 a6
17.Nc7 Nxc7 18.Bb6 Rf7 19.Qc2 g4 20.fxg4 hxg4 21.Bxc7 Qh4 22.Bxd6 f3 23.Nxf3 gxf3
24.Rxf3 Rxf3 25.Bxf3 Bg4 26.Qb3 Bxf3 27.Qxf3 Bh6 28.Qf5 Qg5 29.Qe6+ Kh7 30.Rc7+ Bg7
31.Qh3+ Kg8 32.Qf3 Kh7 33.Kh1 Rd8 34.Bb4 a5 35.Ba3 b5 36.b3 b4 37.Bc1 Qh4
38.g3 Qh3 39.Qf7 Rg8 40.Qf5 Qxf5 41.exf5 e4 42.Bb2 e3 43.Bxg7 e2 44.Bc3+ Kh6
45.Bd2+ Kh5 46.fxg6  1-0

[Event "FSGM August"]
[Site "Budapest HUN"]
[Date "2002.08.08"]
[Round "6"]
[White "Flumbort,A"]
[Black "Radziewicz,I"]
[Result "1/2-1/2"]
[WhiteElo "2437"]
[BlackElo "2407"]

1.d4 Nf6 2.c4 g6 3.Nf3 Bg7 4.Nc3 d6 5.e4 O-O 6.Be2 e5 7.O-O Nc6 8.d5 Ne7
9.b4 Nh5 10.Re1 f5 11.Ng5 Nf6 12.f3 c6 13.Be3 Bh6 14.h4 cxd5 15.cxd5 Bd7
16.Rc1 a6 17.Qd2 f4 18.Bf2 Bxg5 19.hxg5 Nh5 20.b5 Nc8 21.bxa6 bxa6 22.Rb1 Qxg5
23.Rb7 Rf7 24.Bf1 Ng3 25.Bxg3 Qxg3 26.Reb1 g5 27.Qf2 Qxf2+ 28.Kxf2 Bb5 29.Rxf7 Kxf7
30.Bxb5 axb5 31.Rxb5 h5 32.a4 g4 33.Rb7+ Kf6 34.fxg4 hxg4 35.Rd7 Ra5 36.Rb7 Rc5
37.Rb3 Kg5 38.g3 Rc7 39.a5 Rh7 40.Rb8 Rc7 41.Rb3 fxg3+ 42.Kg2 Kf4 43.a6 Rc5
44.Nb5 Rc2+ 45.Kg1 Ra2 46.Rc3 Ra1+ 47.Kg2 Ne7 48.Ra3 Rb1 49.Nxd6 Rb2+ 50.Kg1 Rb1+
51.Kg2 Rb2+  1/2-1/2

[Event "9th Open"]
[Site "Nice FRA"]
[Date "2002.08.08"]
[Round "5"]
[White "Dumitrache,D"]
[Black "Gaubil,O"]
[Result "1-0"]
[WhiteElo "2504"]
[BlackElo "2078"]

1.d4 Nf6 2.c4 g6 3.Nc3 Bg7 4.e4 d6 5.Be2 O-O 6.Nf3 e5 7.O-O Nc6 8.d5 Ne7
9.b4 Nh5 10.Re1 a5 11.bxa5 Rxa5 12.Nd2 Nf4 13.Bf1 f5 14.a4 b6 15.Ra3 Ra7
16.g3 Nh5 17.exf5 Nxf5 18.Nb5 Ra8 19.g4 Nh6 20.gxh5 Qh4 21.Ne4 Bg4 22.Bg5 Qxh5
23.Be2 Rf5 24.Bxh6 Bxe2 25.Qxe2 Qxh6 26.Nxc7 Rd8 27.Ne6 Rd7 28.a5 Rdf7 29.axb6  1-0

[Event "Ladies"]
[Site "Stockholm SWE"]
[Date "2002.08.08"]
[Round "6"]
[White "Jiretorn,E"]
[Black "Hagesaether,E"]
[Result "0-1"]
[WhiteElo "2116"]
[BlackElo "2137"]

1.d4 Nf6 2.c4 g6 3.Nc3 Bg7 4.e4 d6 5.Nf3 O-O 6.Be2 e5 7.O-O Nc6 8.d5 Ne7
9.Ne1 Nd7 10.Be3 f5 11.f3 f4 12.Bf2 g5 13.b4 Rf6 14.c5 Rh6 15.Rc1 Qe8 16.Kh1 Qh5
17.Bg1 Nf6 18.cxd6 cxd6 19.Nb5 Qh4 20.g4 fxg3 21.Nxd6 Bh3 22.Nf5 Nxf5 23.exf5 Nh5  0-1

[Event "6th HZ Open"]
[Site "Vlissingen NED"]
[Date "2002.08.08"]
[Round "6"]
[White "Rosmuller,A"]
[Black "Van der Weide,K"]
[Result "1-0"]
[WhiteElo "2138"]
[BlackElo "2403"]

1.d4 Nf6 2.c4 g6 3.Nc3 Bg7 4.e4 d6 5.Be2 O-O 6.Nf3 e5 7.O-O Nc6 8.d5 Ne7
9.b4 a5 10.bxa5 Rxa5 11.a4 Nd7 12.Ba3 Bh6 13.Bb4 Ra8 14.Qb3 Kh8 15.Rfe1 f5
16.exf5 Nxf5 17.Ne4 Nf6 18.Bd3 b6 19.a5 bxa5 20.Rxa5 Rb8 21.Qa3 Nxe4 22.Bxe4 Nh4
23.Rb5 Rxb5 24.cxb5 Bf5 25.b6 Bxe4 26.Rxe4 Nxf3+ 27.gxf3 cxb6 28.Bxd6 Rf5
29.Bxe5+ Bg7 30.Bxg7+ Kxg7 31.d6 Qg5+ 32.Kf1 Rc5 33.Qb2+ Kh6 34.d7 Rc1+ 35.Ke2 Rc7
36.Rd4 Qe7+ 37.Kf1 Rxd7 38.Qd2+  1-0

[Event "6th HZ Open"]
[Site "Vlissingen NED"]
[Date "2002.08.09"]
[Round "7"]
[White "Werle,J"]
[Black "Stange,W"]
[Result "1-0"]
[WhiteElo "2443"]
[BlackElo "2158"]

1.Nf3 Nf6 2.c4 g6 3.Nc3 Bg7 4.e4 d6 5.d4 O-O 6.Be2 e5 7.O-O Nc6 8.d5 Ne7
9.b4 Kh8 10.c5 Ne8 11.a4 Ng8 12.Ba3 f5 13.b5 Ngf6 14.Nd2 Bh6 15.a5 Bxd2 16.Qxd2 f4
17.f3 Nh5 18.b6 axb6 19.axb6 cxb6 20.cxd6 Rxa3 21.Rxa3 Qxd6 22.Nb5 Qc5+ 23.Rf2 Bd7
24.Qc3 Bxb5 25.Qxc5 bxc5 26.Bxb5 Nd6 27.Bf1 Nf6 28.g3 g5 29.gxf4 gxf4 30.Rb2 Rg8+
31.Kf2 Kg7 32.Ra7 Kh6 33.Rb6 Rd8 34.Ra5 Kg5 35.Ke1 Nfe8 36.Rxc5 Ra8 37.Rc2 Ra3
38.Kf2 Ra1 39.Bh3 Ra3 40.Bd7  1-0

[Event "Open"]
[Site "Birstonas LIT"]
[Date "2002.08.19"]
[Round "3"]
[White "Sakalauskas,V"]
[Black "Tokmachev,V"]
[Result "1-0"]
[WhiteElo "2418"]
[BlackElo "2044"]

1.d4 Nf6 2.c4 g6 3.Nc3 Bg7 4.e4 d6 5.Be2 O-O 6.Nf3 e5 7.O-O Nc6 8.d5 Ne7
9.Ne1 Nd7 10.Be3 f5 11.f3 f4 12.Bf2 g5 13.a4 Ng6 14.a5 h5 15.Nb5 Nf6 16.Nxa7 g4
17.Nxc8 g3 18.hxg3 fxg3 19.Bxg3 h4 20.Bh2 Nf4 21.Bxf4 exf4 22.e5 Nh5 23.Nd3 Ng3
24.Re1 h3 25.gxh3 Rxc8 26.Bf1 Rf5 27.Bg2 Qh4 28.Qd2 Rcf8 29.exd6 Rg5 30.Nf2 Nf5
31.Ng4 Bd4+ 32.Kh1 Ba7 33.d7 Rh5 34.Re8 Qg3 35.Nf6+ Kf7 36.Rxf8+  1-0